Trust finance a study of the genesis, organisation and management of industrial combination

Salvato in:
Dettagli Bibliografici
Natura: Libro
Lingua:inglese
Pubblicazione: New York, London Appleton and Co. 1903
Tags: Aggiungi Tag
Nessun Tag, puoi essere il primo ad aggiungerne!!

MARC

LEADER 00000nam a2200000 4500
001 0303121
005 20240718120253.9
041 0 |a eng 
044 |a US 
245 1 0 |a Trust finance  |b a study of the genesis, organisation and management of industrial combination  |c E. Sherwood Meade 
264 1 |a New York, London  |b Appleton and Co.  |c 1903